| 000 | 01237cam a2200241 4500 | ||
|---|---|---|---|
| 001 | WB@3612-502 | ||
| 008 | 040818n2004 000 0 eng u | ||
| 035 | _a(Sirsi) u127088 | ||
| 245 | _aNew house building statistics | ||
| 260 | _c2004 | ||
| 490 |
_aODPM Statistical Release _v(0198) 12 August 2004 (3) |
||
| 520 | _aThe latest statistical release presenting figures on new house building starts and completions in England and its regions has been released from the ODPM. The figures reveal that in the quarter ending June 2004 there were 46.9 thousand housing starts and 38.7 thousand completions - both up 10% on the same period in 2003. In the 12 months to the end of June 2004, starts were up in all regions - the north east increased by 2%, Yorkshire and the Humber 10%, East Midlands 6%, London 6%, South East 11% and the East only 2%. All charts and tables are available on the website. http://www.odpm.gov.uk/pns/DisplayPN.cgi?pn_id=200 4_0198 | ||
| 590 | _aWB | ||
| 590 | _aWB | ||
| 650 | _aHOUSING STATISTICS | ||
| 650 | _aHOUSING COMPLETIONS | ||
| 650 | _aSTATISTICS | ||
| 650 | _aPRIVATE HOUSING | ||
| 650 | _aHOUSE BUILDING | ||
| 650 | _aHOUSING ASSOCIATIONS | ||
| 690 | _aHOUSING-MARKET | ||
| 942 | _n0 | ||
| 999 |
_c117853 _d117853 |
||